000 00296nam a22001337a 4500
008 170526b xxu||||| |||| 00| 0 eng d
020 _a3211823026
041 _aeng
080 _a007.52
100 _a25
101 _aIM
245 _aADVANCES IN ROBOT KINEMATICS
_cSTIFTER,S
942 _2udc
_cBK
999 _c14528
_d14528